Ending civil wars : (Record no. 60081)

MARC details
000 -LEADER
campo de control de longitud fija 01231cam a22003254a 4500
001 - NÚMERO DE CONTROL
campo de control 110409
005 - FECHA Y HORA DE LA ÚLTIMA TRANSACCIÓN
campo de control 20230410121214.0
008 - DATOS DE LONGITUD FIJA--INFORMACIÓN GENERAL
campo de control de longitud fija 020129s2002 cou b 001 0 eng
035 ## - NÚMERO DE CONTROL DEL SISTEMA
Número de control de sistema 12660762
010 ## - NÚMERO DE CONTROL DE LA BIBLIOTECA DEL CONGRESO
Número de control de LC 2002017817
020 ## - NÚMERO INTERNACIONAL ESTÁNDAR DEL LIBRO
Número Internacional Estándar del Libro 1588260581(alk. paper)
020 ## - NÚMERO INTERNACIONAL ESTÁNDAR DEL LIBRO
Número Internacional Estándar del Libro 1588260833 (pbk. : alk. paper)
040 ## - FUENTE DE CATALOGACIÓN
Centro catalogador/agencia de origen DLC
Centro/agencia transcriptor DLC
Centro/agencia modificador DLC
042 ## - CÓDIGO DE AUTENTICACIÓN
Código de autenticación pcc
050 14 - SIGNATURA TOPOGRÁFICA DE LA BIBLIOTECA DEL CONGRESO
Número de clasificación JZ 6368
Número de ítem E56 2002
082 00 - NÚMERO DE LA CLASIFICACIÓN DECIMAL DEWEY
Número de clasificación 303.6/4
245 00 - MENCIÓN DEL TÍTULO
Título Ending civil wars :
Resto del título the implementation of peace agreements /
Mención de responsabilidad, etc. edited by Stephen John Stedman, Donald Rothchild, Elizabeth M. Cousens; foreword David M. Malone
260 ## - PUBLICACIÓN, DISTRIBUCIÓN, ETC.
Lugar de publicación, distribución, etc. Boulder, Colorado:
Nombre del editor, distribuidor, etc. Lynne Rienner Publishers,
Fecha de publicación, distribución, etc. 2002.
300 ## - DESCRIPCIÓN FÍSICA
Extensión xiii, 729 p. ;
Dimensiones 24 cm.
500 ## - NOTA GENERAL
Nota general "A project of the International Peace Academy and CISAC".
504 ## - NOTA DE BIBLIOGRAFÍA, ETC.
Nota de bibliografía, etc. Includes bibliographical references (p. 683-698) and index.
505 0# - NOTA DE CONTENIDO CON FORMATO
Nota de contenido con formato Evaluating implementation strategies--- Evaluating implementation tasks--- Case studies--- Conclusion
650 #0 - PUNTO DE ACCESO ADICIONAL DE MATERIA--TÉRMINO DE MATERIA
Término de materia o nombre geográfico como elemento de entrada Civil war
Subdivisión general Political aspects.
650 #0 - PUNTO DE ACCESO ADICIONAL DE MATERIA--TÉRMINO DE MATERIA
Término de materia o nombre geográfico como elemento de entrada Peace.
650 #0 - PUNTO DE ACCESO ADICIONAL DE MATERIA--TÉRMINO DE MATERIA
Término de materia o nombre geográfico como elemento de entrada Intervention (International law)
Subdivisión general Political aspects.
700 1# - ENTRADA AGREGADA--NOMBRE PERSONAL
Nombre de persona Stedman, Stephen John.
700 1# - ENTRADA AGREGADA--NOMBRE PERSONAL
Nombre de persona Rothchild, Donald S.
700 1# - ENTRADA AGREGADA--NOMBRE PERSONAL
Nombre de persona Cousens, Elizabeth M.
942 ## - ELEMENTOS DE ENTRADA SECUNDARIOS (KOHA)
Fuente del sistema de clasificación o colocación Clasificación de Library of Congress
Tipo de ítem Koha
Holdings
Estatus retirado Estado de pérdida Fuente del sistema de clasificación o colocación Estado de daño No para préstamo Colección Biblioteca de origen Biblioteca actual Ubicación en estantería Fecha de adquisición Serial enumeration / chronology Signatura topográfica completa Código de barras Visto por última vez Copia número Tipo de ítem Koha
    Clasificación de Library of Congress     Ciencias Sociales Biblioteca Juan Bosch Biblioteca Juan Bosch Ciencias Sociales (3er. Piso) 10/04/2023 1 JZ 6368 E56 2002 00000104357 24/10/2018 1